000 00284nam a22001217a 4500
008 181101b xxu||||| |||| 00| 0 eng d
041 _aeng
080 _26 TH
_a573
100 _a11
101 _aBIO
245 _aBactriology Principles And Practice
_cNoble,B,
942 _2udc
_cBK
999 _c51435
_d51435